Gaming Quiz

Random Gaming or Video Games Quiz

Video Game by Plot Quiz Stats

 Plays Quiz Updated Feb 7, 2020

Support Sporcle.
Go Orange.
Score 0/22 Timer 08:00
2 Plays Today
Plot Game % Correct
Six years after a viral outbreak that destroyed Raccoon City, former police officer Leon Kennedy is sent to Europe to track down the President's daughter. Resident Evil 4
76.4%
A young bank robber escapes from police custody and works his way up through the Mafia hierarchy of crime-ridden Liberty City. Grand Theft Auto III
76%
In 1964, a U.S. government operative codenamed 'Snake' must infiltrate mountainous Soviet territory to rescue a scientist building a weapon of terrible power. Metal Gear Solid 3
65%
A prisoner wakes up in a deserted research facility and is guided through a series of test chambers by a sinister artificial intelligence. Portal
64.7%
A former member of a gang of outlaws, John Marston is blackmailed by government lawmen to hunt down his old partners-in-crime.Red Dead Redemption
56%
A Republic soldier, training to become a Jedi Knight, is given the task of halting the conquest of Darth Malak by discovering the location of an artifact known as the Star Forge. Star Wars: Knights of the Old Republic
54.7%
In 1960, the lone survivor of a plane crash discovers an abandoned underwater utopia, only to find that the mystery behind its creation is much more sinister than he had imagined.Bioshock
54.7%
Alucard, the bastard son of Dracula, has awakened from his eternal slumber, intent on destroying his evil father once and for all.Castlevania: Symphony of the Night
54.3%
While investigating a disturbance involving a Federation-led attack on Space Pirates, Samus Aran is thrust into a fierce war between a dying race and their mortal enemies.Metroid Prime 2: Echoes
54.1%
After receiving a mysterious letter from his late wife, James Sunderland takes a terrifying trip to a small lakeside town.Silent Hill 2
48.7%
Heihachi Mishima sponsors the first King of Iron Fist Tournament with the prize going to the fighter who can defeat him in the final round of his competition. Tekken
46.4%
Plot Game % Correct
Born on an island suspended in the sky, a young man accepts his destiny to venture to the world below to save it from evil forces through the use of a mysterious sword.The Legend of Zelda: Skyward Sword
40.1%
After Ryu Hayabusa's village is destroyed, he embarks on a journey of revenge to take back the Dark Dragon Blade from the Vigoor Empire.Ninja Gaiden
35.8%
A former soldier from an evil corporation joins a mercenary clan to fight the company he once served. Final Fantasy VII
33.4%
A boy and his group of friends must travel through time to prevent an alien from destroying the world.Chrono Trigger
32.6%
Russia is in political turmoil and a brutal terrorist has set in motion a series of events that threaten global security.Call of Duty: Modern Warfare 2
29.1%
Manuel Calavera, a travel agent in the Land of the Dead, stumbles across a ring of corruption.Grim Fandango
22.2%
A disembodied tentacle is accidentally exposed to nuclear waste, giving it human abilities and an ambition to take over the world. Day of the Tentacle
17.7%
A demon wages war on the world and a single mortal is all that stands in his way.Diablo II
16.8%
When a new and powerful mineral is discovered, two organizations start a war for its control.Command & Conquer
16.8%
Over the course of two millenia, twelve men and women are linked together by an accursed tome.Eternal Darkness: Sanity's Requiem
9.5%
A special agent responds to a distress call and discovers an alien conspiracy linked to a rival institution.Perfect Dark
7.8%

You're not logged in!

Compare scores with friends on all Sporcle quizzes.
OR
Log In

From the Vault

The Beatles' People

by MrChewypoo

Wait, so Strawberry Fields isn't a real person?
Remove Ads.
Support Sporcle.
Get the best of Sporcle when you Go Orange. This ad-free experience offers more features, more stats, and more fun while also helping to support Sporcle. Thank you for becoming a member.

Show Comments

Extras

Top Quizzes Today


Score Distribution

Your Account Isn't Verified!

In order to create a playlist on Sporcle, you need to verify the email address you used during registration. Go to your Sporcle Settings to finish the process.

Report this User

Report this user for behavior that violates our Community Guidelines.

Details: